| 000 | 00967nam a2200277Ia 4500 | ||
|---|---|---|---|
| 003 | OSt | ||
| 005 | 20221006140713.0 | ||
| 006 | a|||||r|||| 00| 0 | ||
| 007 | ta | ||
| 008 | 221006b |||||||| |||| 00| 0 eng d | ||
| 020 |
_a9780231101097 _c _35.00 |
||
| 024 | _a429 | ||
| 037 |
_b66294, 13/02/2001, International Book Distributors _cTextual |
||
| 040 |
_aEASL _cEASL _beng |
||
| 041 |
_2eng _aeng |
||
| 082 | _aV49B:19.N7, P0-;1 | ||
| 100 | _aCOHEN Warren I | ||
| 245 | 0 |
_aEast Asia at the centre _b Four thousand years of engagement with the world |
|
| 260 |
_aNewyork _bColumbia University Press _c2000 |
||
| 300 |
_a516p. _ccm. |
||
| 650 |
_a Asia Southeastern - Relations Foreign countries _9643248 |
||
| 650 |
_a Gen _9642731 |
||
| 650 |
_aEast Asia - Relations - Foreign countries _9643249 |
||
| 942 |
_hV49B:19.N7, P0-;1 _cTEXL _2CC |
||
| 999 |
_c1068516 _d1068516 |
||